00276nam a2200121Ia 4500008004100000100000900041245003500050260002700085300000800112650001000120942000700130999001700137190216s9999||||xx |||||||||||||| ||und|| aNull 0aHindi-Hindi Vyakarana Nayidapt bUniversity Of Calicut a128 aHindi cBK c15731d15731